000 01232nac a22003970a 4500
001 PT19612
003 AR-LpoUNG
005 20210201005100.0
008 201001s1999||||ag |||||||||||||||||spa d
020 _a9879776712
_c$6.66
040 _aAR-LpoUNG
_bspa
_eaacr
041 _aspa
044 _aag
082 0 _a982.064 931v2
100 1 _aBugge, Víctor
245 1 0 _aFotografías de Víctor Bugge :
_b1983-1989
260 _aBuenos Aires :
_bMZ,
_c1999.
300 _a119 p. :
_bil., fot.
_a(3
_fVolúmenes)
_3Impreso
490 0 _aFotografías de Víctor Bugge
520 _aEstos libros de fotografías de Víctor Bugge se ocupan de los tres períodos que él protagonizó como fotógrafo de Presidencia, en la Casa Rosada. En este volumen se cubren los períodos del gobierno de Raúl R. Alfonsin.
650 4 _aARGENTINA
650 4 _aARTES DE LA REPRODUCCION
650 4 _aDEMOCRACIA
650 4 _aGOBIERNO
650 4 _aHISTORIA
650 4 _aHISTORIA SOCIAL
650 4 _aJEFES DE ESTADO
650 4 _aNACION
650 4 _aREPRESION
650 4 _aTECNICAS DE LA IMAGEN
650 4 _aVALORES
651 4 _aArgentina
653 _aALFONSIN, RAUL RICARDO
905 _a19612
942 _cLIB
999 _c48363
_d48363